Cena Ekonomickej univerzity za publikačnú činnosť v roku 2012

Prehľad ocenených publikácií na Ekonomickej univerzite za rok 2012.

Salvato in:
Dettagli Bibliografici
Autore principale: Lovászová, Miriam
Natura: Capitolo di libro
Lingua:slovacco
Soggetti:
Tags: Aggiungi Tag
Nessun Tag, puoi essere il primo ad aggiungerne!!

MARC

LEADER 00000naa a2200000 4500
001 0175279
005 20230918094728.2
041 0 |a slo 
044 |a SK 
245 1 0 |a Cena Ekonomickej univerzity za publikačnú činnosť v roku 2012  |c Miriam Lovászová 
520 |a Prehľad ocenených publikácií na Ekonomickej univerzite za rok 2012. 
610 2 0 |a veda ekonomická 
610 2 0 |a výskum ekonomický 
610 2 0 |a knihy 
610 2 0 |a univerzity 
100 1 |a Lovászová, Miriam